| 000 | 00578nam a2200169Ia 4500 | ||
|---|---|---|---|
| 008 | 180921t2018 xxu||||| |||| 00| 0 sin d | ||
| 041 | _asin | ||
| 080 |
_a8-31 _bබ්රවුන් |
||
| 100 | _aබ්රව්න්, ඩෑන් | ||
| 245 | _aඋල්කාවේ අබිරහස | ||
| 260 |
_bසදීපා _aකොළඹ _c2018 |
||
| 300 | _aසෙ.මි.21, පි.464 | ||
| 700 |
_aසිරිල් චන්ද්රෙස්කර ගුණවර්ධන _eපරි. |
||
| 942 | _cBK | ||
| 999 |
_c10789 _d10789 |
||
| 003 | LK-CoDNM | ||
| 040 |
_aLK-CoDNM _dLK-CoDNM _eLK-CoDNM |
||